Online
Catalog

La llegada ; (Record no. 7563)

MARC details
000 -CABECERA
campo de control de longitud fija 00622nam a2200181 a 4500
001 - NÚMERO DE CONTROL
campo de control 000007785
005 - FECHA Y HORA DE LA ÚLTIMA TRANSACCIÓN
campo de control 20200929154311.0
008 - DATOS DE LONGITUD FIJA--INFORMACIÓN GENERAL
campo de control de longitud fija 811219s1997 mx 001 1 spa
020 ## - NÚMERO INTERNACIONAL ESTÁNDAR DEL LIBRO
Número Internacional Estándar del Libro 9681904052
040 ## - FUENTE DE LA CATALOGACIÓN
Centro catalogador/agencia de origen DO-SdBNP
Lengua de catalogación spa
Centro/agencia transcriptor BNPHU
082 ## - NÚMERO DE LA CLASIFICACIÓN DECIMAL DEWEY
Número de clasificación PR863
Número de documento/Ítem G643L
100 1# - ENTRADA PRINCIPAL--NOMBRE DE PERSONA
Nombre de persona González, José Luis,
Fechas asociadas al nombre 1926-1996
9 (RLIN) 21489
245 13 - MENCIÓN DE TÍTULO
Título La llegada ;
Resto del título crónica con "ficción" /
Mención de responsabilidad, etc. José Luis González.
260 ## - PUBLICACIÓN, DISTRIBUCIÓN, ETC.
Lugar de publicación, distribución, etc. México :
Nombre del editor, distribuidor, etc. Alfaguara,
Fecha de publicación, distribución, etc. 1997.
300 ## - DESCRIPCIÓN FÍSICA
Extensión 106, [6] p. ;
Dimensiones 22 cm.
500 ## - NOTA GENERAL
Nota general Incloye datos biográficos en la del autor en la solapa de la cubierta
651 #4 - PUNTO DE ACCESO ADICIONAL DE MATERIA--NOMBRE GEOGRÁFICO
Nombre geográfico Puerto Rico
Subdivisión general Historia
Subdivisión cronológica 1898-1952
Subdivisión general Ficción
9 (RLIN) 21490
Holdings
Estado de retiro Estado de pérdida Restricciones de uso No para préstamo Código de colección Localización permanente Ubicación/localización actual Ubicación en estantería Fecha de adquisición Número de inventario Total de préstamos Signatura topográfica completa Código de barras Fecha visto por última vez Precio válido a partir de Tipo de ítem Koha Número de copia
      Excluido de préstamo Monografías: Libros y Folletos General General Depósito 10.09.2009 LF1   PR863 G643L 7785-10 25.06.2020 25.06.2020 No se presta  
  Extraviado   Excluido de préstamo Monografías: Libros y Folletos General General Extraviado 05.04.2017 LF1   PR863 G643L 7785-20 25.06.2020 25.06.2020 No se presta e. 2

Powered by Koha